00679cam a2200181 a 4500020001500000020002900015020002900044040000800073082002600081100002500107245004900132260003900181300006500220500015000285650002000435650002300455650001900478 a002800941X a0028009401 (3 1/2" disk) a0028009398 (5 1/4" disk) cDLC00a808 GLE 1993 A095 Or.1 aVoisinet, Donald D.,10aMicrocomputer applications for technicians / aNew York, N.Y. :bGlencoe,cc1993. aix, 195 p. :bill. ;c28 cm. +e3 computer disks (5 1/4 in.) aSystem requirements for computer disks: IBM-compatible PC; 128K RAM; DOS 2.0-3.1; two floppy disk drives or floppy drive and hard drive; printer. 0aMicrocomputers. 0aComputer software. 0aScenic byways.